000 00350nam a2200157Ia 4500
003 0STCL
008 150530s9999 xx 000 0 und d
040 _aSTCL
_cSTCL
100 _aKillam Douglas; Row Ruth
245 _aAfrican Literatures
260 _c2000
546 _aEnglish
942 _2ddc
_cBK
999 _c53067
_d53067
005 20220125170909.0